| 000 | 01318nam0a2200337 4500 | ||
|---|---|---|---|
| 001 | RU\NLR\bibl\1779841 | ||
| 005 | 20260406000835.0 | ||
| 010 |
_a978-5-903581-42-9 _94500 |
||
| 021 |
_aRU _b2011-37133 _92648 |
||
| 035 | _a(NLR Aleph) 001770598 | ||
| 090 |
_a1635415 _c1635415 |
||
| 100 | _a20110614d2011 |||y0rusy50 ca | ||
| 101 | 0 | _arus | |
| 102 | _aRU | ||
| 105 | _aa ||||||||| | ||
| 200 | 1 |
_aНижегородские храмы _dTemples of Nizhny Novgorod _fА.И. Давыдов _zeng |
|
| 210 |
_aНижний Новгород _cКварц _d2011 |
||
| 215 |
_a32, [1] с. _cил., цв. ил. _d22 |
||
| 300 | _aТекст на рус. и англ. яз. | ||
| 510 | 1 |
_6z45790 _aTemples of Nizhny Novgorod _zeng |
|
| 606 | 1 |
_aЦеркви и соборы _yНижний Новгород, город _92609665 _3RU\NLR\auth\661546223 |
|
| 686 | _aЭ372.24-655 | ||
| 700 | 1 |
_4070 _8rus _7ca _aДавыдов _bА. И. _cисторик города _gАлексей Иванович _3RU\NLR\auth\77107863 _990788 |
|
| 790 | 1 |
_4070 _8rus _7ba _aDavydov _bA. I. _cисторик города _gAleksei Ivanovič _3RU\NLR\auth\77110390 _993315 |
|
| 801 | 0 |
_aRU _bNLR _c20110614 _gRCR |
|
| 801 | 1 |
_aRU _bNLR _c20110614 |
|
| 942 | _cBOOK | ||
| 980 | _aNB | ||
| 980 | _aNBR | ||